00870cam a2200289 i 45000010005000000030008000050050017000130080041000300350021000710350024000920350027001160350014001430350016001570400018001730410008001910820025001991000031002242450100002552500017003552600038003723000027004105000020004375040032004576500018004896500014005077400059005216874BD-RjUL20211208234329.0821007s1950 enk b 001 0 eng d a(OCoLC)502559453 a(OCoLC)ocn502559453 a(CStRLIN)NYCG82-B47949 a(BD-RjUL) a(NNC)105349 aNNCcBBCbeng aeng 219a512.2 bLIT 19581 aLittlewood, Dudley Ernest.14aThe theory of group characters and matrix representations of groups /cby Dudley E. Littlewood. a2nd edition. aOxford :bClarendon Press,c1950. aviii, 310 p. ;c24 cm. aIncludes index. aBibliography: p. [301]-307. 0aGroup theory. 0aMatrices.01aGroup characters and matrix representations of groups.